000
00281nam a2200121Ia 4500
008
190216s9999||||xx |||||||||||||| ||und||
100
_a
John Kenneth
245
2
_a
A Tale Of Two Cities
260
_b
Blacke & Son
_c
1966
300
_a
170p
650
_a
English Stories
942
_c
BK
999
_c
12063
_d
12063